Statistiques concernant Pokémon - Les attaques de Larveyette

Cliquez ici pour prendre le quiz!

Statistiques générales

  • Ce quiz a été pris 7 fois
  • Le résultat moyen est 5 sur 9

Statistiques - réponses

NiveauType de quizNom du coup% Correct
8InsectePiqûre
100%
DépartInsecteSécrétion
100%
DépartNormalCharge
83%
36InsecteBourdon
67%
22InsecteSurvinsecte
67%
15PlanteTranch'Herbe
67%
31InsecteToile Gluante
17%
43NormalFléau
0%
29NormalTénacité
0%

Distribution des résultats

Percentile par nombre de réponses

% des personnes avec chaque résultat

Votre développement - résultats

Vous n’avez pas pris ce quiz